[Event "Doha Ramadan op"]
[Site "Doha"]
[Date "2024.03.16"]
[Round "3"]
[White "Ashwath Narayanan, P."]
[Black "Ferhi, Djamel"]
[Result "0-1"]
[WhiteElo "1719"]
[BlackElo "2083"]
[PlyCount "100"]
[EventDate "2024.03.14"]
[EventType "swiss"]
[EventRounds "9"]
[EventCountry "QAT"]
[SourceTitle "CB15_2024"]
[SourceDate "2024.04.10"]
[SourceVersion "1"]
[SourceVersionDate "2024.04.10"]
[SourceQuality "1"]

1. e4 e6 2. d4 d5 3. exd5 exd5 4. c4 Be6 5. cxd5 Bxd5 6. Nf3 Nf6 7. Be2 Be7 8. 0-0 0-0 9. Nc3 Nc6 10. Be3 a6 11. Rc1 Qd6 12. h3 Rad8 13. Re1 Rfe8 14. a3 b5 15. Nd2 Be6 16. Nde4 Nxe4 17. Nxe4 Qd7 18. Ng5 Bxg5 19. Bxg5 f6 20. Be3 Na5 21. Rc3 Nc4 22. Bxc4 bxc4 23. Qf3 Rb8 24. Rc2 Rb3 25. Rd1 Bd5 26. Qh5 Rb5 27. a4 Rb4 28. Rdc1 Reb8 29. Re1 Bf7 30. Qf3 Qxa4 31. Bd2 R4b5 32. Rec1 Rxb2 33. Rxb2 Rxb2 34. Qa8+ Qe8 35. Qxe8+ Bxe8 36. Ba5 Bb5 37. Bxc7 Rd2 38. Bb6 Kf7 39. Re1 Rd3 40. Bc5 c3 41. Rc1 Ba4 42. d5 c2 43. Be3 Rxd5 44. Kh2 Rd1 45. Kg3 Bb3 46. Kf3 a5 47. Ke2 a4 48. Bd2 a3 49. Kd3 a2 50. Kc3 Rxc1 0-1